[Event "Montreal Pere Noel"]
[Site "Montreal"]
[Date "2011.12.28"]
[Round "3"]
[White "Sprumont, Oscar"]
[Black "Chang, Michael"]
[Result "1/2-1/2"]
[WhiteElo "1795"]
[BlackElo "1859"]
[PlyCount "58"]
[EventDate "2011.12.26"]
[EventType "swiss"]
[EventRounds "5"]
[EventCountry "CAN"]
[SourceTitle "EXT 2022"]
[Source "ChessBase"]
[SourceDate "2021.10.06"]
[SourceVersion "1"]
[SourceVersionDate "2021.10.06"]
[SourceQuality "1"]

1. e4 c6 2. d4 d5 3. Nd2 dxe4 4. Nxe4 Bf5 5. Ng3 Bg6 6. h4 h6 7. Nf3 Nd7 8. h5 Bh7 9. Bd3 Bxd3 10. Qxd3 Ngf6 11. Bf4 Qa5+ 12. Bd2 Qc7 13. 0-0-0 0-0-0 14. Rhe1 e6 15. Qe2 Nb6 16. c3 c5 17. Kb1 Kb8 18. Be3 Nbd5 19. dxc5 Bxc5 20. Bxc5 Qxc5 21. Qe5+ Qc7 22. Rd4 Rd7 23. Qxc7+ Nxc7 24. Red1 Rxd4 25. Rxd4 Nb5 26. Rb4 Nd6 27. Rd4 Kc7 28. Ne5 Rf8 29. Kc2 b6 1/2-1/2

[Event "Montreal op U2000"]
[Site "Montreal"]
[Date "2011.09.10"]
[Round "2"]
[White "Chang, Michael"]
[Black "Ramaswamy, Kiran"]
[Result "1-0"]
[WhiteElo "1779"]
[BlackElo "1963"]
[PlyCount "47"]
[EventDate "2011.09.09"]
[EventType "swiss"]
[EventRounds "5"]
[EventCountry "CAN"]
[SourceTitle "EXT 2022"]
[Source "ChessBase"]
[SourceDate "2021.10.06"]
[SourceVersion "1"]
[SourceVersionDate "2021.10.06"]
[SourceQuality "1"]

1. c4 Nf6 2. Nc3 d6 3. d3 g6 4. Nf3 Bg7 5. g3 0-0 6. Bg2 c5 7. 0-0 Na6 8. a3 Rb8 9. Rb1 Bd7 10. b4 cxb4 11. axb4 b5 12. cxb5 Bxb5 13. Nxb5 Rxb5 14. Nd4 Rb6 15. Nc6 Qc7 16. Be3 Rxc6 17. Bxc6 Qxc6 18. b5 Qd7 19. bxa6 Qh3 20. f3 Nd5 21. Bd2 Bd4+ 22. Kh1 f5 23. e4 Nf6 24. Qb3+ 1-0

[Event "Montreal Oasis op"]
[Site "Montreal"]
[Date "2011.02.25"]
[Round "1"]
[White "Chang, Michael"]
[Black "Chiku Ratte, Olivier Kenta"]
[Result "0-1"]
[WhiteElo "1604"]
[BlackElo "2030"]
[PlyCount "60"]
[EventDate "2011.02.25"]
[EventType "swiss"]
[EventRounds "5"]
[EventCountry "CAN"]
[SourceTitle "EXT 2013"]
[Source "ChessBase"]
[SourceDate "2012.11.22"]
[SourceVersion "1"]
[SourceVersionDate "2012.11.22"]
[SourceQuality "1"]

1. c4 Nf6 2. Nc3 c5 3. g3 g6 4. Bg2 Bg7 5. e4 d6 6. Nge2 Nc6 7. a3 0-0 8. 0-0 Rb8 9. Rb1 Nd4 10. b4 Nd7 11. d3 a6 12. Be3 b5 13. f4 bxc4 14. dxc4 Nxe2+ 15. Nxe2 Qc7 16. Qc2 Nb6 17. bxc5 dxc5 18. f5 Bd7 19. Nf4 Ba4 20. Qf2 Rfc8 21. fxg6 hxg6 22. Nd5 Nxd5 23. Qxf7+ Kh7 24. exd5 Rf8 25. Qe6 Rxb1 26. Rxb1 Bc2 27. Rc1 Bf5 28. Qxa6 Qe5 29. Bf2 Qb2 30. Re1 Bc8 0-1

[Event "Quebec-ch U20"]
[Site "Montreal"]
[Date "2011.02.13"]
[Round "4"]
[White "Chang, Michael"]
[Black "Zhu, Hong Rui"]
[Result "0-1"]
[WhiteElo "1538"]
[BlackElo "2062"]
[PlyCount "102"]
[EventDate "2011.02.11"]
[EventType "swiss"]
[EventRounds "5"]
[EventCountry "CAN"]
[SourceTitle "EXT 2013"]
[Source "ChessBase"]
[SourceDate "2012.11.22"]
[SourceVersion "1"]
[SourceVersionDate "2012.11.22"]
[SourceQuality "1"]

1. c4 c5 2. Nc3 Nc6 3. g3 e5 4. Bg2 g6 5. e3 Bg7 6. Nge2 Nge7 7. 0-0 0-0 8. a3 d6 9. Rb1 a5 10. Qa4 Bf5 11. Ra1 Be6 12. Nd5 Bd7 13. Qc2 Nxd5 14. cxd5 Ne7 15. a4 b5 16. b3 Qb6 17. Rb1 Rab8 18. Ba3 f5 19. d3 Rfc8 20. Rfc1 Qd8 21. Qd1 Qe8 22. axb5 Bxb5 23. Nc3 Bd7 24. Bb2 Rb7 25. Ba1 Rcb8 26. Qc2 Nc8 27. Ne2 Bb5 28. Bc3 a4 29. bxa4 Bxa4 30. Qa2 Rxb1 31. Rxb1 Rxb1+ 32. Qxb1 Qb5 33. Qxb5 Bxb5 34. Nc1 Nb6 35. Ba5 Na4 36. f4 exf4 37. gxf4 Kf7 38. Kf2 Bb2 39. Nb3 Bxd3 40. Bf1 Be4 41. Bc4 Ke7 42. Nd2 Bc2 43. Bb3 Bxb3 44. Nxb3 Bc3 45. Bxc3 Nxc3 46. Ke1 Nxd5 47. Kd2 Ke6 48. Kd3 Nf6 49. h3 Kd5 50. Nc1 Ne4 51. Ke2 Kc4 0-1

[Event "Quebec-ch U12"]
[Site "Montreal"]
[Date "2010.11.27"]
[Round "2"]
[White "Chang, Michael"]
[Black "Gu, Sheng Ming"]
[Result "0-1"]
[WhiteElo "1622"]
[BlackElo "1480"]
[PlyCount "102"]
[EventDate "2010.11.26"]
[EventType "swiss"]
[EventRounds "5"]
[EventCountry "CAN"]
[SourceTitle "EXT 2013"]
[Source "ChessBase"]
[SourceDate "2012.11.22"]
[SourceVersion "1"]
[SourceVersionDate "2012.11.22"]
[SourceQuality "1"]

1. c4 e6 2. Nf3 Nf6 3. d4 d5 4. Nc3 Bb4 5. a3 Bxc3+ 6. bxc3 h6 7. Bf4 Nbd7 8. e3 c5 9. Bd3 0-0 10. Qc2 cxd4 11. cxd4 dxc4 12. Bxc4 b6 13. Bd3 Bb7 14. e4 Rc8 15. Qe2 Nh7 16. 0-0 Nb8 17. Rfd1 Re8 18. e5 f5 19. exf6 Qxf6 20. Be5 Bxf3 21. Qxf3 Qxf3 22. Bxh7+ Kxh7 23. gxf3 Nd7 24. Rac1 Nxe5 25. dxe5 Red8 26. Rxc8 Rxd1+ 27. Kg2 Rd3 28. Rc6 Rxa3 29. Rxe6 g5 30. Re7+ Kg6 31. Kg3 b5 32. Rb7 a6 33. e6 Ra4 34. Rh7 Ra1 35. Rc7 b4 36. Rb7 a5 37. Rb5 Kf6 38. Rb6 Re1 39. Rb5 Ra1 40. Rb6 Rb1 41. f4 gxf4+ 42. Kxf4 b3 43. Ke3 a4 44. Ra6 b2 45. Kd2 Rc1 46. e7+ Kxe7 47. Ra7+ Kd8 48. Ra8+ Kc7 49. Ra7+ Kb8 50. Re7 b1Q 51. Re8+ Rc8 0-1

[Event "Quebec-ch U20"]
[Site "Montreal"]
[Date "2010.03.12"]
[Round "1"]
[White "Chang, Michael"]
[Black "Kraiouchkine, Nikita"]
[Result "0-1"]
[WhiteElo "1584"]
[BlackElo "2258"]
[PlyCount "96"]
[EventDate "2010.03.12"]
[EventType "swiss"]
[EventRounds "5"]
[EventCountry "CAN"]
[SourceTitle "EXT 2013"]
[Source "ChessBase"]
[SourceDate "2012.11.22"]
[SourceVersion "1"]
[SourceVersionDate "2012.11.22"]
[SourceQuality "1"]

1. e4 e5 2. Nf3 Nc6 3. Bc4 Nf6 4. d3 Be7 5. Nc3 d6 6. h3 0-0 7. 0-0 Na5 8. Bb3 c6 9. Re1 Qc7 10. a3 Nxb3 11. cxb3 c5 12. Be3 Qa5 13. Rc1 b5 14. Bg5 Be6 15. Bd2 Qa6 16. Ra1 Qb7 17. b4 Nd7 18. Be3 cxb4 19. axb4 d5 20. exd5 Bxd5 21. Nxd5 Qxd5 22. Qd2 a6 23. Rac1 f6 24. Rc2 Rfd8 25. Rd1 Qb3 26. Bc5 Nxc5 27. bxc5 e4 28. Ne1 Rac8 29. Qe3 Bxc5 30. Qxe4 Bxf2+ 31. Kxf2 Rxc2+ 32. Nxc2 Qxc2+ 33. Qe2 Qc5+ 34. Qe3 Qd5 35. Rd2 a5 36. Qb6 a4 37. Kf1 h6 38. Qa5 Qf5+ 39. Kg1 Rxd3 40. Rxd3 Qxd3 41. Qc7 Kh7 42. Qc5 Qd1+ 43. Kh2 Qf1 44. Qd4 Qf5 45. Qb4 Qe5+ 46. Kh1 f5 47. Qd2 Qe4 48. Kg1 b4 0-1

[Event "Quebec-ch U10"]
[Site "Montreal"]
[Date "2009.11.29"]
[Round "4"]
[White "Chang, Michael"]
[Black "Zhu, Hong Rui"]
[Result "0-1"]
[WhiteElo "1588"]
[BlackElo "1704"]
[PlyCount "88"]
[EventDate "2009.11.27"]
[EventType "swiss"]
[EventRounds "5"]
[EventCountry "CAN"]
[SourceTitle "EXT 2011"]
[Source "ChessBase"]
[SourceDate "2010.11.26"]
[SourceVersion "1"]
[SourceVersionDate "2010.11.26"]
[SourceQuality "1"]

1. e4 c5 2. Nf3 d6 3. d4 cxd4 4. Nxd4 Nf6 5. Nc3 g6 6. Be2 Bg7 7. 0-0 0-0 8. Be3 Nc6 9. Kh1 Bd7 10. h3 Rc8 11. Nb3 b6 12. Qd2 Ne5 13. Rad1 Nc4 14. Bxc4 Rxc4 15. f3 Qa8 16. Rfe1 Rfc8 17. Bh6 Qb8 18. Bxg7 Kxg7 19. Re2 Qc7 20. Nd4 a6 21. Nd5 Nxd5 22. exd5 Re8 23. Rde1 e5 24. dxe6 fxe6 25. Nxe6+ Bxe6 26. Rxe6 Rxe6 27. Rxe6 Kf7 28. Qd5 Rc5 29. Qxd6 Qxd6 30. Rxd6 Rxc2 31. Rxb6 g5 32. Rxa6 Rxb2 33. a4 Ra2 34. Kh2 h5 35. a5 Kg7 36. Kg3 h4+ 37. Kg4 Rxg2+ 38. Kf5 Rg3 39. Rg6+ Kf7 40. Rxg5 Rxh3 41. Ke4 Rh1 42. a6 Ra1 43. Rh5 Rxa6 44. Rxh4 Ra4+ 0-1

[Event "Quebec-ch U10"]
[Site "Montreal"]
[Date "2009.11.28"]
[Round "2"]
[White "Chang, Michael"]
[Black "Morin Pare, Eloi"]
[Result "1-0"]
[WhiteElo "1588"]
[BlackElo "979"]
[PlyCount "93"]
[EventDate "2009.11.27"]
[EventType "swiss"]
[EventRounds "5"]
[EventCountry "CAN"]
[SourceTitle "EXT 2011"]
[Source "ChessBase"]
[SourceDate "2010.11.26"]
[SourceVersion "1"]
[SourceVersionDate "2010.11.26"]
[SourceQuality "1"]

1. e4 e5 2. Nf3 Nc6 3. d4 d6 4. dxe5 dxe5 5. Qxd8+ Nxd8 6. Nxe5 Nf6 7. Bd3 Bd6 8. Nf3 Bc5 9. 0-0 Bd6 10. Re1 Bc5 11. Nc3 0-0 12. Bg5 Ng4 13. Be3 b6 14. Bxc5 bxc5 15. h3 Nf6 16. e5 Nd7 17. Rad1 Nb6 18. b3 Bb7 19. Be4 h6 20. Bxb7 Nxb7 21. Nd5 Rad8 22. Nxc7 Rd7 23. Rxd7 Nxd7 24. Rd1 Rd8 25. e6 Nf6 26. exf7+ Kf8 27. Ne6+ Kxf7 28. Nxd8+ Nxd8 29. Rxd8 Ke7 30. Ra8 g5 31. Rxa7+ Ke6 32. Nxg5+ hxg5 33. a4 Kd5 34. a5 Kc6 35. Ra6+ Kb5 36. Rxf6 Kxa5 37. f4 gxf4 38. h4 Kb4 39. Kf2 Kc3 40. h5 Kxc2 41. h6 Kxb3 42. h7 c4 43. h8Q c3 44. Rb6+ Kc2 45. Qh1 f3 46. Qb1+ Kd2 47. Rd6# 1-0

[Event "Montreal Mercredi 05"]
[Site "Montreal"]
[Date "2009.05.13"]
[Round "1"]
[White "Dardoura, Khaled"]
[Black "Chang, Michael"]
[Result "0-1"]
[WhiteElo "1468"]
[BlackElo "1449"]
[PlyCount "88"]
[EventDate "2009.05.13"]
[EventType "tourn"]
[EventRounds "5"]
[EventCountry "CAN"]
[SourceTitle "EXT 2011"]
[Source "ChessBase"]
[SourceDate "2010.11.26"]
[SourceVersion "1"]
[SourceVersionDate "2010.11.26"]
[SourceQuality "1"]

1. d4 Nf6 2. c4 e6 3. Nc3 Bb4 4. Nf3 Nc6 5. Qc2 Bxc3+ 6. bxc3 b6 7. e4 h6 8. Bd3 Na5 9. 0-0 0-0 10. e5 Ne8 11. Qe2 c5 12. Qe4 f5 13. Qxa8 Nc6 14. d5 Nc7 15. Qxc8 Qxc8 16. dxc6 dxc6 17. Nh4 Qd8 18. Ng6 Qxd3 19. Nxf8 Kxf8 20. Bb2 Qxc4 21. Rfd1 Nd5 22. h3 g5 23. a3 Kf7 24. Rd2 Kg6 25. Rad1 f4 26. Rd3 Kf5 27. g3 Qe4 28. g4+ Kg6 29. R3d2 h5 30. Rc1 b5 31. c4 bxc4 32. Rdc2 hxg4 33. Rxc4 Qf3 34. hxg4 Qh3 35. f3 Qg3+ 36. Kh1 Qxf3+ 37. Kg1 Ne3 38. R4c2 Nxc2 39. Rxc2 Qxg4+ 40. Kf2 Qg3+ 41. Ke2 f3+ 42. Kf1 Qh3+ 43. Kg1 g4 44. Bc3 g3 0-1